| 000 | 00904nam a2200265Ia 4500 | ||
|---|---|---|---|
| 008 | 191130s2005##################000#0#eng## | ||
| 020 | _a9781884270291 | ||
| 022 | _a2006273755 | ||
| 040 |
_aACL _cACL |
||
| 082 | _a001 CAS | ||
| 245 |
_aBeyond the grave : Ripley’s believe it or not! _cL.C. Casterline, Mary Packard, and the editors of Ripley Entertainment Inc |
||
| 260 |
_aNew York _bRipley Entertainment Inc _c2005 |
||
| 300 | _a62 p. : col. ill. ; 19 cm | ||
| 500 | _aSkull on cover glows in the dark | ||
| 650 | _aBurial - Juvenile literature | ||
| 650 | _aDead - Juvenile literature | ||
| 650 | _aDeath - Juvenile literature | ||
| 650 | _aFuneral rites and ceremonies - Juvenile literature | ||
| 700 | _aCasterline, L. C | ||
| 700 | _aPackard, Mary | ||
| 710 | _aRipley Entertainment, Inc | ||
| 990 | _a0484b193ac10000c7eec1b26bde0bbdc | ||
| 991 | _a136012 | ||
| 999 |
_c115080 _d115080 |
||